000 00981nam a22002537a 4500
008 170902s2004 xxu||||| |||| 00| 0 eng d
020 _a8493339466
082 0 4 _a708
_bP844l
100 1 _aPorter, Liliana.
_95326
245 1 0 _aLiliana Porter :
_bsituaciones y diálogos /
_cLiliana Porter ; textos por Fernando Castro e Isabel Tejeda.
250 _a1a edición.
260 _aCartagena, España :
_bConsejería de Educación y Cultura de la Región de Murcia,
_c2004.
300 _a80 páginas :
_bilustraciones en color.
500 _aCatálogo publicado con motivo a la exposición "Liliana Porter: situaciones y diálogos", presentada del 2 al 30 de julio de 2004, en Palacio Aguirre.
653 1 0 _aArte contemporáneo
653 1 0 _aCatálogo de exhibición
653 1 0 _aExhibiciones
653 1 0 _aArte - Argentina
653 1 0 _aInstalación
653 1 0 _aPintura
653 1 0 _aFotografía
700 1 _aCastro, Fernando.
_95962
700 1 _aTejeda, Isabel.
_95963
999 _c1275
_d1275